00728 a2200193 45000010006000000050017000060080041000230030015000640400040000790800079001192450106001980200022003042500012003262640046003383000023003840410008004071000024004158560095004394096720260407155703.0260407a2010 arg spa dAR-UNSa-BCEJYS aAR-UNSa-BCEJYSbspacAR-UNSa-BCEJYS a(038.2)=111xDiccionario bilingüe español-inglés, inglés-español10aLongman diccionario pocketpinglés-español - español-inglés para estudiantes latinoamericanos a978-1-4082-3234-7 a2a. ed. 1aHarlow :bPearson Education Limitedc2010 axi, 818 p.c18 cm. aspa1 aDelacroix, Laurence41uhttps://biblioeco.unsa.edu.ar/pmb/images/libros/D126320.jpgyImagen de portadaqimage/jpeg